00224nam a2200097Ia 4500008004100000100001600041245002700057260001600084260000900100999001700109170617s9999 xx 000 0 und d aWAUGH- ANNA 0aANATOMY AND PHYSIOLOGY bElesvir Pub c2014 c15576d15576